<?xml version="1.0" encoding="UTF-8"?><?xml-stylesheet type="text/xsl" href="static/style.xsl"?><OAI-PMH xmlns="http://www.openarchives.org/OAI/2.0/" xmlns:xsi="http://www.w3.org/2001/XMLSchema-instance" xsi:schemaLocation="http://www.openarchives.org/OAI/2.0/ http://www.openarchives.org/OAI/2.0/OAI-PMH.xsd"><responseDate>2026-04-17T03:26:16Z</responseDate><request verb="GetRecord" identifier="oai:www.recercat.cat:10230/45724" metadataPrefix="marc">https://recercat.cat/oai/request</request><GetRecord><record><header><identifier>oai:recercat.cat:10230/45724</identifier><datestamp>2025-12-19T20:26:16Z</datestamp><setSpec>com_2072_6</setSpec><setSpec>col_2072_452954</setSpec></header><metadata><record xmlns="http://www.loc.gov/MARC21/slim" xmlns:dcterms="http://purl.org/dc/terms/" xmlns:xsi="http://www.w3.org/2001/XMLSchema-instance" xmlns:doc="http://www.lyncode.com/xoai" xsi:schemaLocation="http://www.loc.gov/MARC21/slim http://www.loc.gov/standards/marcxml/schema/MARC21slim.xsd">
   <leader>00925njm 22002777a 4500</leader>
   <datafield ind2=" " ind1=" " tag="042">
      <subfield code="a">dc</subfield>
   </datafield>
   <datafield ind2=" " ind1=" " tag="720">
      <subfield code="a">Iglesias Saniger, Mª Ángeles</subfield>
      <subfield code="e">author</subfield>
   </datafield>
   <datafield ind2=" " ind1=" " tag="260">
      <subfield code="c">2020-11-11T11:34:33Z</subfield>
   </datafield>
   <datafield ind2=" " ind1=" " tag="260">
      <subfield code="c">2020-11-11T11:34:33Z</subfield>
   </datafield>
   <datafield ind2=" " ind1=" " tag="260">
      <subfield code="c">2020</subfield>
   </datafield>
   <datafield ind2=" " ind1=" " tag="520">
      <subfield code="a">Treball de fi de grau en Publicitat i Relacions Públiques</subfield>
   </datafield>
   <datafield ind2=" " ind1=" " tag="520">
      <subfield code="a">Tutora: Emma Rodero Anton</subfield>
   </datafield>
   <datafield ind2=" " ind1=" " tag="520">
      <subfield code="a">Hasta el momento no hay investigaciones que se centren específicamente en el estudio&#xd;
de las narraciones en el formato de los audiolibros. Por este motivo, el proyecto tiene&#xd;
como objetivo comparar dos estilos de narración (narrador plano e interpretado) y dos&#xd;
modelos expositivos (monólogo y diálogo) y ver cuáles de ellos obtienen mejores&#xd;
resultados en el grado de gusto y disfrute, estimulación imaginativa, engagement&#xd;
narrativo y nivel de reconocimiento. Los datos se han recogido mediante diferentes&#xd;
escalas: escalas de Likert, Imagery Scale, escalas de engagement narrativo y un test de&#xd;
reconocimiento. En cuanto a los resultados, se ha conseguido demostrar que las historias&#xd;
interpretadas y narradas por múltiples voces son las que obtienen mejores resultados en&#xd;
cuanto al gusto y disfrute, estimulación imaginativa, engagement narrativo y nivel de&#xd;
reconocimiento.</subfield>
   </datafield>
   <datafield ind2=" " ind1=" " tag="520">
      <subfield code="a">So far, there is no research specifically focused on the study of narratives in the&#xd;
audiobook format. For this reason, the project aims to compare two styles of narration&#xd;
(flat and interpreted narrator) and two expository models (monologue and dialogue)&#xd;
and see which of them obtain better results in the degree of taste and enjoyment,&#xd;
imaginative stimulation, narrative engagement and level of recognition. The data has&#xd;
been collected using different scales: Likert scales, Imagery Scale, narrative engagement&#xd;
scales, and a recognition test. Regarding the results, it has been shown that the stories&#xd;
interpreted and narrated by multiple voices are the ones that obtain the best results in&#xd;
terms of taste and enjoyment, imaginative stimulation, narrative engagement and level&#xd;
of recognition</subfield>
   </datafield>
   <datafield tag="653" ind2=" " ind1=" ">
      <subfield code="a">Comunicación</subfield>
   </datafield>
   <datafield tag="653" ind2=" " ind1=" ">
      <subfield code="a">escucha</subfield>
   </datafield>
   <datafield tag="653" ind2=" " ind1=" ">
      <subfield code="a">narración</subfield>
   </datafield>
   <datafield tag="653" ind2=" " ind1=" ">
      <subfield code="a">audiolibros</subfield>
   </datafield>
   <datafield tag="653" ind2=" " ind1=" ">
      <subfield code="a">activación emocional</subfield>
   </datafield>
   <datafield tag="653" ind2=" " ind1=" ">
      <subfield code="a">recuerdo</subfield>
   </datafield>
   <datafield ind2="0" ind1="0" tag="245">
      <subfield code="a">Cómo narrar una buena historia: estudio comparativo entre diferentes modelos de narración en historias de audio</subfield>
   </datafield>
</record></metadata></record></GetRecord></OAI-PMH>